| 000 | 01727cam a2200385 i 4500 | ||
|---|---|---|---|
| 001 | 18934332 | ||
| 003 | OSt | ||
| 005 | 20260617151841.0 | ||
| 008 | 160112s2016 ilu b 000 0beng | ||
| 010 | _a 2016000996 | ||
| 020 |
_a9781433551895 _qtp |
||
| 035 | _a18934332 | ||
| 040 |
_aDLC _beng _cDLC _erda _dDLC |
||
| 042 | _apcc | ||
| 050 | 0 | 0 |
_aBX6495.F75 _bP57 2016 |
| 082 | 0 | 0 |
_a286/.1092 _aB _223 |
| 100 | 1 |
_aPiper, John, _d1946- _eauthor. |
|
| 245 | 1 | 0 |
_aAndrew Fuller : _bholy faith, worthy gospel, world mission / _cJohn Piper ; foreword by Michael A. G. Haykin. |
| 264 | 1 |
_aWheaton, Illinois : _bCrossway, _c[2016] |
|
| 300 |
_a57 pages ; _c20 cm |
||
| 336 |
_atext _btxt _2rdacontent |
||
| 337 |
_aunmediated _bn _2rdamedia |
||
| 338 |
_avolume _bnc _2rdacarrier |
||
| 504 | _aIncludes bibliographical references. | ||
| 505 | 0 | _aAn Andrew Fuller chronology -- A mind for modern missions -- Great gain, great loss, great perseverance -- Andrew Fuller, the thinker -- Fuller against hyper-Calvinism -- Fuller against Sandemanianism -- The vital link between doctrine and world missions. | |
| 583 |
_aCataloguing: _c20260617 _kgtanuigtanui |
||
| 600 | 1 | 0 |
_aFuller, Andrew, _d1754-1815. |
| 650 | 0 |
_aBaptists _zEngland _xClergy _vBiography. |
|
| 655 | 7 |
_aBiographies. _2lcgft _0https://id.loc.gov/authorities/genreForms/gf2014026049 |
|
| 776 | 0 | 8 |
_iOnline version: _aPiper, John, 1946- author. _tAndrew Fuller _dWheaton : Crossway, 2016 _z9781433551925 _w(DLC) 2016013575 |
| 906 |
_a7 _bcbc _corignew _d1 _eecip _f20 _gy-gencatlg |
||
| 942 |
_2lcc _cBK |
||
| 999 |
_c21708 _d21707 |
||